A STUDY OF HISTORY (Record no. 343409)

000 -LEADER
fixed length control field 00441 a2200169 4500
003 - CONTROL NUMBER IDENTIFIER
control field OSt
005 - DATE AND TIME OF LATEST TRANSACTION
control field 20180116182640.0
008 - FIXED-LENGTH DATA ELEMENTS--GENERAL INFORMATION
fixed length control field 160518b xxu||||| |||| 00| 0 eng d
020 ## - INTERNATIONAL STANDARD BOOK NUMBER
International Standard Book Number 0
040 ## - CATALOGING SOURCE
Transcribing agency 0
082 ## - DEWEY DECIMAL CLASSIFICATION NUMBER
Classification number 909 TOY 1955
100 ## - MAIN ENTRY--PERSONAL NAME
Personal name ARNOLD J. TOYNBEE
245 ## - TITLE STATEMENT
Title A STUDY OF HISTORY
Statement of responsibility, etc. ARNOLD J. TOYNBEE
260 ## - PUBLICATION, DISTRIBUTION, ETC.
Place of publication, distribution, etc. ISLAMABAD
Name of publisher, distributor, etc. NATIONAL BOOK FOUNDATION ISLAMABAD
Date of publication, distribution, etc. 1955
300 ## - PHYSICAL DESCRIPTION
Extent 414 p.
Other physical details HB
942 ## - ADDED ENTRY ELEMENTS (KOHA)
Institution code [OBSOLETE] NBS
Koha item type Book
Call number prefix 909 TOY
Source of classification or shelving scheme
Holdings
Withdrawn status Lost status Damaged status Not for loan Permanent Location Current Location Date acquired Total Checkouts Total Renewals Full call number Barcode Date last seen Date last checked out Price effective from Koha item type
        Central Library (CL) Central Library (CL) 08/28/2013 1 3 909 TOY NBSD-1147 01/12/2023 08/29/2017 08/28/2013 Book
        Central Library (CL) Central Library (CL) 08/28/2013 2   909 TOY NBSD-1146 11/23/2017 08/29/2017 08/28/2013 Book
        Central Library (CL) Central Library (CL) 08/28/2013 5 5 909 TOY NBSD-1144 06/10/2022 12/17/2021 08/28/2013 Book
© 2023 Central Library, National University of Sciences and Technology. All Rights Reserved.